000 00324nam a22001457a 4500
003 SGT
082 _a535.58,BAR
100 _aBARUAH,G.D
245 _aESSENTIALS OF LEASERS AND NONLINEAR OPTICS
250 _a1ST
260 _aMEERUT
_bPRAGATI PRAKASHAN
_c2016
300 _a273
650 _aPHYSICS
942 _2ddc
_cFPS
_02
999 _c10046
_d10046